| 000 | 01543nam a2200385 c 4500 | ||
|---|---|---|---|
| 003 | BLK | ||
| 005 | 20240710005446.0 | ||
| 008 | 180412b bul|||||r ||||||| ||bul|| | ||
| 010 | _aKNG00011136000 | ||
| 020 |
_a954-597-041-3 _bиздат.: Фама |
||
| 040 | _aBLK | ||
| 041 |
_aBUL _cBUL |
||
| 080 |
_aНемска литература _b821.112.2 _x-93-32 _z821.112.2-93-32 |
||
| 100 | 1 |
_aРаспе, Рудолф Ерих _eпърви автор _9115325 |
|
| 700 | 1 |
_aКаралийчев, Ангел Иванов _d1902-1972 _eпреразк. _976702 |
|
| 700 | 1 |
_aДоре, Гюстав _eил. _964690 |
|
| 139 |
_aРаспе, Рудолф Ерих _bР 38 |
||
| 245 | 1 | 0 |
_aПриключенията на барон Мюнхаузен _bСб. разкази за деца _cРудолф Ерих Распе; преразк. Ангел Иванов Каралийчев; ил. Гюстав Доре. |
| 250 | _a6. изд. | ||
| 257 | _aDEU | ||
| 260 |
_аСофия _bФама _c1995 _fВраца : Полипринт |
||
| 300 |
_a133 с. _bс ил. _c20 см |
||
| 380 | _aDX | ||
| 490 | 1 | _aСветовна класика за деца | |
| 500 | _a1. изд. 1933 на изд. Хемус. - 5 000 тир. | ||
| 653 | _aразкази | ||
| 653 | _aдетска литература | ||
| 653 | _aлитература за деца | ||
| 852 | _aЦб 185875 | ||
| 856 | 4 |
_qpdf _u |
|
| 856 | 4 |
_qpdf _u |
|
| 942 |
_cKNG _n0 |
||
| 944 |
_aCR _c15.01.2003 _k _lCRON CRON |
||
| 944 |
_aED _c08.07.2014 _k |
||
| 999 |
_c9706 _d9706 |
||